000 00852nam a2200193Ii 4500
003 JO-AjNU
008 230605s9999||||xx |||||||||||||| ||und||
040 _aJO-AjNU
_bara
_erda
_cJO-AjNU
041 _aara
050 1 4 _aBP135.A148.A148
100 3 _aالعسقلاني، أحمد بن علي بن حجر؛ تحقيق أم عبدالله بنت محروس العسلي؛ اشراف وتقديم أبي عبدالله محمود بن محمد الحداد,
_eauthor
_935477
245 0 0 _aجزء الوقوف على ما في صحيح مسلم من الموقوف
264 3 1 _aالكويت: مكتبة المعلا، د.ت
300 _a179ص
_bالفهارس ص 161-179
336 _atext
_btxt
_2rdacontent
337 _aunmediated
_bn
_2rdamedia
338 _avolume
_bnc
_2rdacarrier
650 4 _aالاسلام - الحديث النبوي
_935478
999 _aA14652
_c18220
_d18220